000 00774nam a22002177a 4500
003 OSt
005 20260313032224.0
008 260313b |||||||| |||| 00| 0 eng d
020 _a978-981-07-4561-5
040 _aDWCL GS lib
_cOC
082 _aM479e 2010
100 _aMCFARLANE, SUSANNAH
245 _aEJ12 girl hero: making waves
_c SUSANNAH MCFARLANE
260 _aNew York
_b Scholastic
_c2010
300 _a124 p
_c20 cm
520 _a10-year-old Emma Jacks, a secret spy, tackles a mission to save a coral reef from the evil SHADOW agency.
650 _aseventh book in the EJ12 Girl Hero adventure series written by Susannah McFarlane.
650 _abravery, self-belief, and overcoming personal fears,
700 _aSUSANNAH MCFARLANE
942 _2ddc
_cFIC.
_n0
999 _c9105
_d9105